00386nam a2200121Ia 4500008004100000024003200041082002300073100003500096245004900131260002500180600002100205650003800226250506s9999 xx 000 0 und d a13B-120-BS & 13B-078-BS a651.5028566072 SAQ aMuhammad Saqib & Maheen Sultan 0aNCEAC Document Management System (Code Book) aKarachi:bUIT,c2013 aComputer Science aBachelor of Computer Science (BS)